Police taser utilization (Record no. 232679)
[ view plain ]
| 000 -LEADER | |
|---|---|
| fixed length control field | 01645nam a22003614a 4500 |
| 082 04 - DEWEY DECIMAL CLASSIFICATION NUMBER | |
| Classification number | 363.2/32 |
| 100 1# - MAIN ENTRY--AUTHOR NAME | |
| Personal name | Miller, Michael E. |
| 245 10 - TITLE STATEMENT | |
| Title | Police taser utilization |
| 260 ## - PUBLICATION, DISTRIBUTION, ETC. (IMPRINT) | |
| Place of publication | El Paso : |
| Name of publisher | LFB Scholarly Pub. LLC, |
| Year of publication | 2010. |
| 300 ## - PHYSICAL DESCRIPTION | |
| Number of Pages | xiii, 169 p. |
| 490 1# - SERIES STATEMENT | |
| Series statement | Criminal justice : recent scholarship |
| 505 0# - FORMATTED CONTENTS NOTE | |
| Formatted contents note | Taser use by police : a continuing controversy -- A brief history of police use of force and summary of current research -- Examining taser use in one police agency -- Research study findings -- Conclusions and future implications. |
| 650 #0 - SUBJECT ADDED ENTRY--TOPICAL TERM | |
| Topical Term | Police |
| Topical Term | Stun guns |
| Topical Term | Police brutality |
| 856 40 - ELECTRONIC LOCATION AND ACCESS | |
| Uniform Resource Identifier | http://site.ebrary.com/lib/rucke/Doc?id=10430423 |
No items available.
